Największe państwa na literę A-Z - Statystyki

Ogólne statystyki
  • Ten quiz został rozwiązany 426 razy
  • Średni wynik to 18 z 24
Statystyki odpowiedzi
Litera Państwo % Poprawnych
R Rosja
96%
C Chiny
95%
B Brazylia
93%
O Oman
91%
A Australia
90%
F Francja
90%
Ł Łotwa
90%
K Kanada
89%
I Indie
88%
S Stany Zjednoczone
88%
Z Zambia
79%
H Hiszpania
75%
J Jemen
73%
V Vanuatu
73%
M Meksyk
72%
N Niger
71%
U Ukraina
69%
E Etiopia
68%
P Peru
68%
D Demokratyczna Republika Konga
67%
L Libia
64%
W Wenezuela
64%
T Tanzania
47%
G Gabon
42%
Nie znaleziono quizów pasujących do podanych kryteriów
Rozkład punktacji
Procent ludzi z każdym wynikiem
Percentyl według liczby udzielonych odpowiedzi
Twoja historia wyników
Nie rozwiązałeś tego quizu